[Event "TUR-chT 1st League"]
[Site "Konya"]
[Date "2018.07.18"]
[Round "4.9"]
[White "Aktas, Ilker"]
[Black "Molla, Ersen"]
[Result "0-1"]
[WhiteElo "1894"]
[BlackElo "1932"]
[PlyCount "74"]
[EventDate "2018.07.16"]
[EventType "team-swiss"]
[EventRounds "9"]
[EventCountry "TUR"]
[SourceTitle "EXT 2019"]
[Source "ChessBase"]
[SourceDate "2018.10.10"]
[SourceVersion "1"]
[SourceVersionDate "2018.10.10"]
[SourceQuality "1"]
[WhiteTeam "Malatya Yesilyurt"]
[BlackTeam "Karsiyaka Ihtisas"]
[WhiteTeamCountry "TUR"]
[BlackTeamCountry "TUR"]

1. e4 g6 2. d4 Bg7 3. Nf3 d6 4. Be2 Nf6 5. Nc3 0-0 6. 0-0 a6 7. a4 b6 8. Re1 Bb7 9. Bf1 c5 10. d5 Nbd7 11. h3 Qc7 12. Bg5 Rfe8 13. Qd2 e6 14. dxe6 Rxe6 15. Bf4 Ne5 16. Bxe5 dxe5 17. Nd5 Nxd5 18. exd5 Rd6 19. c4 Re8 20. Qc2 h6 21. Rad1 f5 22. g3 a5 23. Nh4 Qf7 24. Ng2 Bc8 25. Kh2 Bd7 26. b3 g5 27. f3 Qh5 28. Ne3 Qf7 29. Bd3 e4 30. fxe4 f4 31. Nf5 fxg3+ 32. Kg2 Be5 33. Rf1 Rf6 34. Nxh6+ Rxh6 35. Rxf7 Bxh3+ 36. Kg1 Bd4+ 37. Rf2 gxf2+ 0-1

[Event "TUR-chT 1st League"]
[Site "Konya"]
[Date "2018.07.17"]
[Round "2.8"]
[White "Ozates, Tuna"]
[Black "Molla, Ersen"]
[Result "0-1"]
[WhiteElo "2275"]
[BlackElo "1932"]
[PlyCount "76"]
[EventDate "2018.07.16"]
[EventType "team-swiss"]
[EventRounds "9"]
[EventCountry "TUR"]
[SourceTitle "EXT 2019"]
[Source "ChessBase"]
[SourceDate "2018.10.10"]
[SourceVersion "1"]
[SourceVersionDate "2018.10.10"]
[SourceQuality "1"]
[WhiteTeam "Aydin Egitim Merkezi"]
[BlackTeam "Karsiyaka Ihtisas"]
[WhiteTeamCountry "TUR"]
[BlackTeamCountry "TUR"]

1. e4 d5 2. exd5 Qxd5 3. Nc3 Qd6 4. d4 Nf6 5. Nf3 Bg4 6. h3 Bh5 7. g4 Bg6 8. Ne5 Nbd7 9. Bf4 Nxe5 10. dxe5 Qb4 11. Bd2 Ne4 12. Bg2 Nxd2 13. Qxd2 Rd8 14. Qe3 e6 15. 0-0 Bc5 16. a3 Qa5 17. Qf3 Bd4 18. Qxb7 0-0 19. Qc6 Qxe5 20. Rae1 Qa5 21. Re2 Rd6 22. Qc4 Bb6 23. Nb5 Rdd8 24. b4 Qa6 25. Bc6 h5 26. gxh5 Bxh5 27. Re5 Bg6 28. Rg5 Rd4 29. Qc3 Rf4 30. Rg4 Rf6 31. h4 e5 32. Kh1 Bxf2 33. Rxf2 Rxf2 34. h5 Rxc2 35. Qf3 Bxh5 36. Rxg7+ Kxg7 37. Qg3+ Bg6 38. Qxe5+ f6 0-1

[Event "TUR-chT 1st League"]
[Site "Konya"]
[Date "2018.07.16"]
[Round "1.6"]
[White "Erden, Kadir"]
[Black "Molla, Ersen"]
[Result "1-0"]
[WhiteElo "2244"]
[BlackElo "1932"]
[PlyCount "135"]
[EventDate "2018.07.16"]
[EventType "team-swiss"]
[EventRounds "9"]
[EventCountry "TUR"]
[SourceTitle "EXT 2019"]
[Source "ChessBase"]
[SourceDate "2018.10.10"]
[SourceVersion "1"]
[SourceVersionDate "2018.10.10"]
[SourceQuality "1"]
[WhiteTeam "Manisa Turkuaz"]
[BlackTeam "Karsiyaka Ihtisas"]
[WhiteTeamCountry "TUR"]
[BlackTeamCountry "TUR"]

1. d4 Nf6 2. Nf3 g6 3. Bg5 Ne4 4. Bf4 Bg7 5. Nbd2 d5 6. e3 0-0 7. Be2 c5 8. c3 Nc6 9. 0-0 cxd4 10. exd4 Bf5 11. Re1 a6 12. a4 Nxd2 13. Nxd2 Qb6 14. Qb3 Qxb3 15. Nxb3 a5 16. Bb5 e6 17. Nc5 Ra7 18. h3 h5 19. Bc7 Rc8 20. Bb6 Raa8 21. Nxb7 Bf8 22. Bc5 Rab8 23. Bxf8 Kxf8 24. Bxc6 Rxc6 25. Nxa5 Rc7 26. Re2 Ke7 27. Ra3 Kd6 28. b4 Rbc8 29. Re3 Bc2 30. h4 f6 31. f4 g5 32. hxg5 fxg5 33. fxg5 Rg7 34. Re5 Bf5 35. Kh2 h4 36. Re3 Rxg5 37. Nb7+ Kc7 38. Nc5 Rcg8 39. Ra2 R5g6 40. Rb2 Rg3 41. Rxg3 hxg3+ 42. Kg1 Kb6 43. Re2 Ra8 44. Re3 Rg8 45. Kf1 Kc6 46. Ke2 Bg4+ 47. Kd2 Bf5 48. Nxe6 Be4 49. Nf4 Ra8 50. a5 Rf8 51. Ne2 Bxg2 52. Nxg3 Rf2+ 53. Re2 Rxe2+ 54. Kxe2 Kb5 55. Nf5 Bh3 56. Ne3 Kc6 57. Kd3 Bc8 58. Kc2 Ba6 59. Kb3 Bd3 60. Nc2 Bc4+ 61. Kb2 Bf1 62. Na3 Be2 63. Kc2 Bf1 64. Kb3 Be2 65. b5+ Bxb5 66. Nxb5 Kxb5 67. a6 Kxa6 68. Ka4 1-0

[Event "Izmir op 16th"]
[Site "Izmir"]
[Date "2017.09.08"]
[Round "6"]
[White "Yilmazyerli, Mert"]
[Black "Molla, Ersen"]
[Result "1-0"]
[WhiteElo "2489"]
[BlackElo "1895"]
[PlyCount "31"]
[EventDate "2017.09.05"]
[EventType "swiss"]
[EventRounds "9"]
[EventCountry "TUR"]
[SourceTitle "CBM 180 Extra"]
[Source "ChessBase"]
[SourceDate "2017.10.06"]
[SourceVersion "1"]
[SourceVersionDate "2017.10.06"]
[SourceQuality "1"]

1. e4 d6 2. d4 Nf6 3. Nc3 g6 4. f4 Bg7 5. Nf3 0-0 6. e5 Nfd7 7. h4 c5 8. h5 cxd4 9. hxg6 hxg6 10. Qxd4 dxe5 11. fxe5 Nxe5 12. Qh4 Nxf3+ 13. gxf3 f6 14. Bc4+ e6 15. Qh7+ Kf7 16. Rh6 1-0

[Event "TUR-chT2"]
[Site "Konya"]
[Date "2016.07.20"]
[Round "6.6"]
[White "Molla, Ersen"]
[Black "Olcum, Ahmet"]
[Result "1/2-1/2"]
[WhiteElo "1895"]
[BlackElo "2083"]
[PlyCount "55"]
[EventDate "2016.07.17"]
[EventType "team-swiss"]
[EventRounds "9"]
[EventCountry "TUR"]
[SourceTitle "CBM 173 Extra"]
[Source "ChessBase"]
[SourceDate "2016.08.29"]
[SourceVersion "1"]
[SourceVersionDate "2016.08.29"]
[SourceQuality "1"]
[WhiteTeam "Izmir Karsiyaka"]
[BlackTeam "Karaman Saglik"]
[WhiteTeamCountry "TUR"]
[BlackTeamCountry "TUR"]

1. e4 d6 2. d4 g6 3. Nc3 Bg7 4. f4 Nf6 5. Nf3 0-0 6. e5 Nfd7 7. h4 c5 8. h5 cxd4 9. hxg6 dxc3 10. gxf7+ Rxf7 11. Ng5 Nf8 12. Qh5 Be6 13. Bd3 h6 14. Nxe6 Nxe6 15. Bg6 Rf8 16. Qg4 Qc8 17. Rxh6 Bxh6 18. Bf5+ Kh8 19. Bxe6 Qc5 20. Qg6 Qg1+ 21. Ke2 Qh2 22. Bh3 Bxf4 23. Qh5+ Kg8 24. Qg6+ Kh8 25. Qh5+ Kg7 26. Qg4+ Kh6 27. Qh4+ Kg6 28. Qg4+ 1/2-1/2

[Event "Manavgat Turkey Cup"]
[Site "Manavgat"]
[Date "2016.02.02"]
[Round "5"]
[White "Molla, Ersen"]
[Black "Sevgi, Volkan"]
[Result "0-1"]
[WhiteElo "1929"]
[BlackElo "2197"]
[PlyCount "109"]
[EventDate "2016.01.30"]
[EventType "swiss"]
[EventRounds "11"]
[EventCountry "TUR"]
[SourceTitle "CBM 170 Extra"]
[Source "ChessBase"]
[SourceDate "2016.02.25"]
[SourceVersion "1"]
[SourceVersionDate "2016.02.25"]
[SourceQuality "1"]

1. e4 c5 2. Nc3 a6 3. a4 e6 4. Nf3 d5 5. d3 Nc6 6. Be2 d4 7. Nb1 Qc7 8. Nbd2 Rb8 9. 0-0 Nf6 10. g3 h5 11. Nc4 Nd7 12. a5 e5 13. Nh4 g6 14. f4 Be7 15. Nf3 h4 16. c3 hxg3 17. hxg3 f6 18. cxd4 exd4 19. Bd2 Nf8 20. Qe1 Bh3 21. Rf2 Be6 22. Nb6 Rd8 23. Bf1 Rg8 24. Rc1 g5 25. e5 gxf4 26. Bxf4 Ng6 27. Rg2 fxe5 28. Bd2 Bh3 29. Rh2 Bxf1 30. Kxf1 e4 31. Qxe4 Qxg3 32. Rg2 Qh3 33. Kf2 Rd6 34. Rg3 Qh5 35. Rcg1 Rf8 36. Rxg6 Qxf3+ 37. Qxf3 Rxf3+ 38. Kxf3 Ne5+ 39. Ke4 Nxg6 40. Bg5 Kf7 41. Bxe7 Nxe7 42. Rf1+ Ke8 43. Rc1 Re6+ 44. Kf4 Re3 45. Rxc5 Rxd3 46. Rc7 Rb3 47. Rxb7 d3 48. Ke3 Nf5+ 49. Kd2 Nd6 50. Rb8+ Kf7 51. Nd7 Nc4+ 52. Kd1 Nxb2+ 53. Kc1 Rxb8 54. Nxb8 d2+ 55. Kc2 0-1

[Event "Manavgat Turkey Cup"]
[Site "Manavgat"]
[Date "2016.01.31"]
[Round "2"]
[White "Molla, Ersen"]
[Black "Ceylan, Metin"]
[Result "1-0"]
[WhiteElo "1929"]
[BlackElo "1815"]
[PlyCount "125"]
[EventDate "2016.01.30"]
[EventType "swiss"]
[EventRounds "11"]
[EventCountry "TUR"]
[SourceTitle "CBM 170 Extra"]
[Source "ChessBase"]
[SourceDate "2016.02.25"]
[SourceVersion "1"]
[SourceVersionDate "2016.02.25"]
[SourceQuality "1"]

1. Nf3 d5 2. d4 Nf6 3. Bf4 e6 4. e3 Bd6 5. Nbd2 0-0 6. Bd3 c5 7. Be5 Nc6 8. c3 Bxe5 9. Nxe5 Nxe5 10. dxe5 Nd7 11. 0-0 f5 12. exf6 Qxf6 13. e4 Ne5 14. Bc2 Qh4 15. Qe2 Ng6 16. Qe3 Qf4 17. Rfe1 Qxe3 18. fxe3 Ne5 19. Rad1 b6 20. Nf1 Bb7 21. exd5 exd5 22. e4 Nc4 23. b3 Na3 24. Bd3 dxe4 25. Bxe4 Bxe4 26. Rxe4 Nb5 27. Re3 Rae8 28. Rdd3 Rd8 29. a4 Nd6 30. Re7 Rf7 31. Re6 Rfd7 32. Ne3 Kf7 33. Re5 Ne8 34. Nd5 Nf6 35. c4 Nxd5 36. cxd5 Re7 37. Rf3+ Ke8 38. Ref5 Rd6 39. Kf2 Kd7 40. g4 a6 41. Re3 b5 42. axb5 axb5 43. Rxe7+ Kxe7 44. Ke3 g6 45. Re5+ Kf6 46. Kf4 h6 47. h4 c4 48. bxc4 bxc4 49. g5+ hxg5+ 50. hxg5+ Kf7 51. Ke3 Rd8 52. Kd4 Rc8 53. Re3 Rc7 54. Ra3 Ke7 55. Ra6 Ke8 56. Rc6 Rxc6 57. dxc6 c3 58. Kxc3 Ke7 59. Kd4 Kd6 60. c7 Kxc7 61. Ke5 Kd7 62. Kf6 Ke8 63. Kxg6 1-0

[Event "TUR-chT2"]
[Site "Konya"]
[Date "2015.07.27"]
[Round "4.8"]
[White "Molla, Ersen"]
[Black "Hajiyev, Shahin Qabil"]
[Result "1/2-1/2"]
[WhiteElo "1933"]
[BlackElo "1937"]
[PlyCount "25"]
[EventDate "2015.07.25"]
[EventType "team-swiss"]
[EventRounds "9"]
[EventCountry "TUR"]
[SourceTitle "CBM 167 Extra"]
[Source "ChessBase"]
[SourceDate "2015.09.14"]
[SourceVersion "1"]
[SourceVersionDate "2015.09.14"]
[SourceQuality "1"]
[WhiteTeam "Izmir Karsiyaka"]
[BlackTeam "Mersin Ezgi"]
[WhiteTeamCountry "TUR"]
[BlackTeamCountry "TUR"]

1. e4 e5 2. Nc3 Nf6 3. Bc4 Bc5 4. d3 d6 5. f4 Ng4 6. f5 h5 7. Nh3 Qh4+ 8. Ke2 Nf2 9. Qe1 Qg4+ 10. Kf1 Nxh1 11. Be3 Bxe3 12. Qxe3 Qf4+ 13. Qxf4 1/2-1/2